International Production / Trends, Theories, Effects (Record no. 3)
[ view plain ]
| 000 -LEADER | |
|---|---|
| fixed length control field | 01509cam a22002054a 4500 |
| 005 - ΗΜΕΡΟΜΗΝΙΑ ΚΑΙ ΩΡΑ ΤΕΛΕΥΤΑΙΑΣ ΕΝΗΜΕΡΩΣΗΣ | |
| Πεδίο ελέγχου | 20250605163920.0 |
| 008 - FIXED-LENGTH DATA ELEMENTS--GENERAL INFORMATION | |
| Πεδίο ελέγχου σταθερού μήκους | 250528s1992 ||||||||||||||||||||||||d |
| 035 ## - SYSTEM CONTROL NUMBER | |
| System control number | 14368 |
| 020 ## - ISBN | |
| ISBN | 745614132 |
| 040 ## - ΠΗΓΗ ΚΑΤΑΛΟΓΟΓΡΑΦΗΣΗΣ | |
| Φορέας πρωτότυπης καταλογογράφησης | MC Athens Campus Library |
| Γλώσσα καταλογογράφησης | Ελληνικά, Μοντέρνα (1453-) |
| Modifying agency | MC Athens Campus Library |
| Κανόνες περιγραφικής καταλογογράφησης | AACR2 |
| 245 1# - ΤΙΤΛΟΣ ΚΑΙ ΔΗΛΩΣΗ ΥΠΕΥΘΥΝΟΤΗΤΑΣ | |
| Τίτλος | International Production / Trends, Theories, Effects |
| 250 ## - EDITION STATEMENT | |
| Edition statement | 1st |
| 260 ## - PUBLICATION, DISTRIBUTION, ETC. | |
| Name of publisher, distributor, etc. | Policy Press, |
| Date of publication, distribution, etc. | 1992 |
| 300 ## - PHYSICAL DESCRIPTION | |
| Extent | 242 |
| 520 ## - SUMMARY, ETC. | |
| Summary, etc. | A careful blend of presentation and critical evaluation of a wide range of theories on transnational corporations with a balanced discussion of their effects. Preface, Acknowledgements, Agents and Trends, The Internationalization Process: Agents and Conditions, Trends in Internationalization, Theories, Marxist Approaches, Classical Writers on Imperialism, The Realization Problem Back in Fashion, Some Recent Marxist Approaches, The Neo-Classical Paradigm, Foreign Investment within the Neo-classical Paradigm, Prevalent Theories, Foreign Investment and Market Imperfections: The Hymer and Kindleberger Approach, The Product Life Cycle and Foreign Direct Investment, Currently Areas and Foreign Direct Investment, Internationalization as an Explanation for International Production, Dunning's Eclectic Approach, Strategic Approaches, Oligopolistic Reactions as an Explanation for Foreign Direct Investment, Effects, Methodological Issues, Multinational Domination of National Economies, Notes, Bibliography, Index. |
| 700 1# - ΠΡΟΣΘΕΤΗ ΑΝΑΓΡΑΦΗ--ΦΥΣΙΚΟ ΠΡΟΣΩΠΟ | |
| Personal name | Ietto-Gillies Grazia |
| 9 (RLIN) | 3 |
| 942 ## - ADDED ENTRY ELEMENTS (KOHA) | |
| Koha item type | Books |
| Τύπος τεκμηρίου | Βιβλιοθήκη | Τρέχουσα τοποθεσία | Barcode | Αριθμός εισαγωγής | Ημερομηνία απόκτησης | Ταξιθετικό σύμβολο | Αριθμός αντιτύπου | Κατάσταση απόσυρσης | Κατάσταση χαμένου | Κατάσταση κατεστραμμένου | Μη δανεισμός | Σύνολο δανεισμών | Ημερομηνία τελευταίας εμφάνισης | Η τιμή ισχύει από |
|---|---|---|---|---|---|---|---|---|---|---|---|---|---|---|
| Books | MC Athens Campus Library | MC Athens Campus Library | 9780000000026 | 1092 | 05/06/2025 | 338.88 IET | 2 | 05/06/2025 | 05/06/2025 |